Diccionario Biográfico de Chile: 1953 a 1955

Αποθηκεύτηκε σε:
Λεπτομέρειες βιβλιογραφικής εγγραφής
Συγγραφή απο Οργανισμό/Αρχή: Empresa Periodística de Chile (Συγγραφέας)
Μορφή: Βιβλίο
Γλώσσα:Ισπανικά
Έκδοση: Santiago Empresa Periodística de Chile 1955
Έκδοση:1a. ed
Θέματα:
Ετικέτες: Προσθήκη ετικέτας
Δεν υπάρχουν, Καταχωρήστε ετικέτα πρώτοι!

MARC

LEADER 00000nam a2200000 a 4500
001 UCJ8597
003 CL-VaPUC
008 070124e19550000CL |||||||||||||||||spa|d
082 0 4 |a 920  |b EMP  |2 21 
110 2 |a Empresa Periodística de Chile  |e author  |9 517447 
245 1 0 |a Diccionario Biográfico de Chile: 1953 a 1955 
250 |a 1a. ed 
300 |a 1394 p 
942 |c BK 
945 |d 20070124 00:00:00  |a rinostro 
260 |a Santiago  |b Empresa Periodística de Chile  |c 1955 
500 |a Ex libris del Profesor Don Luis López González, del Instituto de Filosofía UCV 
650 7 |a DICCIONARIO  |2 CL-VaPUC  |9 517448 
650 0 |a Biografías  |9 255210 
583 |a last modification  |c 20190801 10:15:35  |k Rodrigo Vera 
999 |c 324269  |d 324267 
952 |0 0  |1 0  |4 0  |6 920_000000000000000_EMP_1955  |7 0  |8 X  |9 404301  |a FDOBUD  |b FDOBUD  |d 2019-11-22  |i 1080407  |o 920 EMP 1955  |p 1080407  |r 2019-11-22  |w 2019-11-22  |y BK_X  |k BUD